000 02507nam a2200373 i 4500
001 190766
003 ES-MaACL
005 20250804161026.0
008 220701s2021 sp 001 f spa
020 _a978-84-18387-26-5
040 _cES-MaACL
080 _a821.134.2-31"19"
080 _a94(460)"1936/39"(0:82)
100 1 _aFortún, Elena,
_d1886-1952
_9166428
_eaut
245 1 0 _aCelia en la revolución /
_cElena Fortún ; edición de María Jesús Fraga e Inmaculada García Carretero ; prólogo de Andrés Trapiello.
250 _a1ª reimp. de 2ª ed.
264 1 _aValecina de la Concepción (Valencia) :
_bRenacimiento,
_c2021.
300 _a373 p. ;
_c21 cm.
490 1 _aBiblioteca Elena Fortún
490 1 _aEl mundo de Celia ;
_v21
504 _aBibliografía: p. 35-38.
520 _aLo sucedido con la edición de 1987 de Celia en la revolución, dice Andrés Trapiello en su prólogo, «fue misteriosísimo, un caso úni­co. Apenas publicado, desapareció de las librerías y únicamente en el mercado de viejo ha ido apareciendo desde entonces, con cuentagotas, algún que otro ejemplar, siempre a precios fabulosos, lo que habla de su carácter excepcional». Libro, por tanto, buscado, rebuscado y perseguido por lectores y coleccionistas de la serie de Celia pero que también, por su calidad, su calidez, su emoción y su justeza histórica y humana, libro que cautivará a cualquier lector exigente de literatura y no precisamente infantil. Novela sobre la guerra civil, escrita poco después del fin de la guerra, en 1943, no hay en ella lugar para la distorsión ni la idealización de lo vivido. Estas páginas no solo nos cuentan la vida difícil y llena de peripecias de una Celia adolescente en un Madrid sitiado, entre la supervivencia y la revolución, son también una suerte de crónica autobiográfica de la propia Elena Fortún.
651 4 _aEspaña-
_xHistoria-
_y1936-1939, Guerra civil-
_vNovelas.
_98310
700 0 _aFraga, María Jesús
_952067
_epbl
700 1 _aGarcía Carretero, Inmaculada
_9174741
_epbl
700 0 _aTrapiello, Andrés,
_d1953-
_eaui
_9111233
830 1 _aBiblioteca Elena Fortún
_9193511
830 1 _aEl mundo de Celia ;
_9239988
_v21
852 4 _aES-MaACL
_jA-14985
_9197948
_bR.153390
_cDEPO1
_dOlim: N-7985
_hDonación: Pilar Fernandez Vera
903 _aFernández Vera, Pilar,
_d1961-
_ednr
_949420
942 _cMONOGRAFIA
_n0
999 _c190766
_d190766